000 00594nam a2200241Ia 4500
003 OSt
005 20220924153617.0
006 a|||||r|||| 00| 0
007 ta
008 220923b |||||||| |||| 00| 0 tam d
024 _a350983
037 _cTextual
040 _aARTS
_cARTS
_btam
041 _2tam
_atam
082 _aV21xD3w, 31P3
100 _aGopanna A Au.
_9229380
245 0 _aKamaraj oru sagapatham
260 _c2003
300 _a360p.
_ccm.
650 _aHISTORY
942 _hV21xD3w, 31P3
_cTEXL
_2CC
999 _c474253
_d474253